000 01411cam a2200205 4500500
005 20260329000300.0
041 _afre
042 _adc
100 1 0 _aBost, François
_eauthor
700 1 0 _aCarroué, Laurent
_eauthor
700 1 0 _aColin, Sébastien
_eauthor
700 1 0 _aGirault, Christian
_eauthor
700 1 0 _aHumain-Lamoure
_eauthor
700 1 0 _aSanmartin, Olivier
_eauthor
700 1 0 _aTeurtrie, David
_eauthor
245 0 0 _aImages économiques du monde : Géoéconomie-géopolitique 2014 : population, aires régionales, pays, entreprises, secteurs, échanges
260 _bArmand Colin,
_c2013.
520 _aLe dossier 2014 dresse un tableau et un bilan de la situation de la désindustrialisation dans les pays développés. Il interroge la nécessaire réindustrialisation des économies et des territoires autour de plusieurs questions centrales : si le redéploiement de l’industrie mondiale vers les pays émergents est inéluctable, les pays industrialisés peuvent-ils espérer enrayer le phénomène et conserver leurs positions ? N’est-il pas à bien des égards trop tard ? Comment peuvent-ils agir et se ressaisir ? Les cartes en couleur sont téléchargeables sur le site armand-colin.com.
856 4 1 _uhttps://shs.cairn.info/images-economiques-du-monde-2014--9782200288501?lang=fr&redirect-ssocas=7080
999 _c1794454
_d1794453